000 00449nam a2200193Ia 4500
005 20240823024342.0
008 240823s9999||||xx |||||||||||||| ||und||
020 _a81-239-639-4
041 _aENGLISH
082 _A621.31042 P6
100 _aGrover
245 0 _aMachine design
250 _a5th
260 _c2006
_b"CBS Publishers & Distributors,New "
500 _aYES
650 _aMachine
_bMechanical
942 _cBK
999 _c183720
_d183720